000 00358 a2200169 4500
001 58700
020 _a8508043430
040 _cAnchieta - Pituba
100 _aQueirós, Eça de
240 1 0 _aO Primo Basílio
_lpor
245 1 0 _aO Primo Basílio
300 _a328
362 0 _a2002
440 1 _aÁtica
650 4 _aFicção portuguesa
942 _cBK
999 _c58700
_d58700